Đông Dương xinh đẹp và kỳ vĩ = Indo-chine Pittoresque & Monumentale: Annam – Tonkin
Gồm 261 bức ảnh trong cuốn sách này sẽ đưa chúng ta trở lại quá khứ, chiêm ngưỡng vẻ đẹp cách đây hơn một trăm năm của cảnh quan, các công trình kiến trúc, các di tích văn hóa – lịch sử khắp ba miền đất nước và gặp gỡ những con người l...
保存先:
| 第一著者: | |
|---|---|
| フォーマット: | 図書 |
| 言語: | Undetermined |
| 出版事項: |
Hà Nội
Dân trí
2020
|
| 主題: | |
| タグ: |
タグ追加
タグなし, このレコードへの初めてのタグを付けませんか!
|
| Thư viện lưu trữ: | Trung tâm Học liệu Trường Đại học Cần Thơ |
|---|
| LEADER | 01134nam a2200229Ia 4500 | ||
|---|---|---|---|
| 001 | CTU_239109 | ||
| 008 | 210402s9999 xx 000 0 und d | ||
| 020 | |c 680000 | ||
| 082 | |a 959.703 | ||
| 082 | |b D567 | ||
| 100 | |a Dieulefils, Pierre | ||
| 245 | 0 | |a Đông Dương xinh đẹp và kỳ vĩ = | |
| 245 | 0 | |b Indo-chine Pittoresque & Monumentale: Annam – Tonkin | |
| 245 | 0 | |c Pierre Dieulefils ; Lưu Đình Tuân (Dịch và chú giải) | |
| 260 | |a Hà Nội | ||
| 260 | |b Dân trí | ||
| 260 | |c 2020 | ||
| 520 | |a Gồm 261 bức ảnh trong cuốn sách này sẽ đưa chúng ta trở lại quá khứ, chiêm ngưỡng vẻ đẹp cách đây hơn một trăm năm của cảnh quan, các công trình kiến trúc, các di tích văn hóa – lịch sử khắp ba miền đất nước và gặp gỡ những con người là chứng nhân một thời của dân tộc. | ||
| 650 | |a Đông Dương,Indochina | ||
| 650 | |x Lịch sử,History | ||
| 910 | |b nthai | ||
| 980 | |a Trung tâm Học liệu Trường Đại học Cần Thơ | ||